| 000 | 01314nam0a2200313 4500 | ||
|---|---|---|---|
| 001 | RU\NLR\bibl\1766095 | ||
| 005 | 20260406153754.0 | ||
| 010 |
_a978-5-17-054929-0 _bАСТ |
||
| 010 |
_a978-5-271-33973-8 _bАстрель |
||
| 010 |
_a978-5-226-03630-9 _bВКТ _94000 |
||
| 021 |
_aRU _b2011-27689 _91965 |
||
| 035 | _a(NLR Aleph) 001756892 | ||
| 090 |
_a1553871 _c1553871 |
||
| 100 | _a20110504d2011 |||y0rusy50 ca | ||
| 101 | 1 |
_arus _ceng |
|
| 102 | _aRU | ||
| 105 | _aa ||||||||| | ||
| 200 | 1 |
_aДети Хурина. Нарн и Хин Хурин _eповесть о детях Хурина _fДж.Р.Р. Толкин _gпод ред. Кристофера Толкина _gил. Аллана Ли _g[пер. с англ. С. Лихачевой] |
|
| 210 |
_aМосква _cАСТ _cАстрель _aВладимир _cВКТ _d2011 |
||
| 215 |
_a313, [4] c. _cил. _d21 |
||
| 517 | 0 | _aНарн и Хин Хурин | |
| 686 | _aШ6(4Вл)67-445{Лх1299-62} | ||
| 700 | 1 |
_4070 _8rus _7ca _aТолкин _bД. Р. Р. _f1892-1973 _gДжон Роналд Руэл _3RU\NLR\auth\776532 _9116484 |
|
| 702 | 1 |
_4440 _8rus _7ca _aЛи _bА. _cхудожник _f1947- _gАлан _3RU\NLR\auth\7783533 _966461 |
|
| 801 | 0 |
_aRU _bNLR _c20110504 _gRCR |
|
| 801 | 1 |
_aRU _bNLR _c20110504 |
|
| 942 | _cBOOK | ||
| 980 | _aNB | ||